Les films Disney par personnages secondaires (les animaux) - Statistiques

Statistiques générales
  • Ce quiz a été pris 561 fois
  • Le résultat moyen est 12 sur 16
Statistiques - réponses
Par images Réponse % Correct
La petite sirène
97%
Mulan
97%
Cendrillon
96%
Le roi lion
96%
Bambi
95%
Le Roi lion
95%
La reine des neiges
94%
Zootopie
94%
Raiponce
93%
Tarzan
93%
Aladdin
92%
Alice au Pays des merveilles
89%
Le livre de la jungle
89%
Les Aristochats
89%
Vaiana
87%
Pocahontas
84%
La Princesse et la Grenouille
83%
Peter Pan
75%
Frère des ours
74%
Robin des bois
74%
Dumbo
71%
Les Aventures de Bernard et Bianca
70%
Volt, star malgré lui
70%
La ferme se rebelle
64%
Chicken Little
63%
Merlin l'enchanteur
61%
Pinocchio
58%
Le Bossu de Notre-Dame
53%
Les Aventures de Winnie l'Ourson
53%
La Belle et la Bête
52%
La belle et le clochard
49%
Les 101 Dalmatiens
49%
Oliver & Compagnie
44%
Basil, détective privé
39%
Kuzco, l'empereur mégalo
33%
Taram et le chaudron magique
31%
Aucun quiz correspondant
Distribution des résultats
% des personnes avec chaque résultat
Percentile par nombre de réponses
Votre historique - résultats
Vous n’avez pas pris ce quiz